Elemente / Sudden Death - Statistiken

Allgemein
  • Dieses Quiz wurde 135 mal gespielt
    54 seit der letzten Aktualisierung
  • Das Durchschnittsergebnis liegt bei 7 aus 14
Answers on the Grid
Answers color-coded by a green-red scale on the quiz's grid according to % correct below.
Moscowium
Kryptom
Big Mac
Vandium
KF51
Nihoniom
Holmum
Doctium
Cervela
Yrtt
Ltetinium
Tellor
Dotium
Actinoide
Blech
Chlorid
Chrom
Röntgenium
Gadolinium
Cadmium
Helium
Zink
Neon
Iod
Silber
Gold
Mangan
Eisen
Germanium
Argon
 
Antwortstatistiken
Antwort % Korrekt
Helium
72%
Chrom
68%
Gold
68%
Neon
64%
Zink
64%
Eisen
60%
Silber
60%
Iod
56%
Mangan
56%
Argon
52%
Cadmium
44%
Germanium
36%
Röntgenium
24%
Gadolinium
12%
Keine übereinstimmenden Quizze gefunden
Verteilung der Resultate
Anzahl Personen mit jedem Resultat
Perzentil nach korrekt beantworteten Fragen
Ihre Resultats-Entwicklung
Sie haben dieses Quiz seit der letzten Aktualisierung nicht gespielt